Quick Pick: 'B' Beverages Quiz Stats

 Plays Quiz Updated Feb 21, 2018

Challenge
Share
Tweet
Embed
Score 0/12 Timer 01:00
10 Plays Today
% Correct
Beer
98.3%
Bacardi
98%
Brandy
97.7%
Bourbon
97.5%
Budweiser
96.3%
Birch Beer
83.1%
Bahama Mama
80.6%
Bombay Sapphire
79.6%
Black & Tan
76.6%
Barq's
74.1%
Boilermaker
72.2%
Beachcomber
63.8%

Today's Daily Dose

Word Ladder
Anchorman

Get the Picture
'Head' Bands

You're not logged in!

Compare scores with friends on all Sporcle quizzes.
OR
Log In

You Might Also Like...

Show Comments

Extras

Top Quizzes Today


Score Distribution

Your Account Isn't Verified!

In order to create a playlist on Sporcle, you need to verify the email address you used during registration. Go to your Sporcle Settings to finish the process.

Report this User

Report this user for behavior that violates our Community Guidelines.

Details: